Interacción familiar: aportes fundamentales sobre teoría y técnica

Salvato in:
Dettagli Bibliografici
Autori principali: Bateson, Gregory (Autore), Ferreira, Antonio J (Autore), Jackson, Donald D (Autore), Lidz, Theodore (Autore), Weakland, John H (Autore), Wynne, Lyman C (Autore), Zuk, Gerald H (Autore), Sluzki, Carlos E (Autore)
Natura: Libro
Lingua:spagnolo
Pubblicazione: Buenos Aires Tiempo Contemporáneo 1971
Serie:Biblioteca Ciencias de la Conducta
Soggetti:
Tags: Aggiungi Tag
Nessun Tag, puoi essere il primo ad aggiungerne!!

MARC

LEADER 00000nam a2200000 a 4500
001 UCY9328
003 CL-VaPUC
008 950717e19710000AG |||||||||||||||||spa|d
082 0 4 |a 616.8915  |b BAT  |2 21 
100 0 |a Bateson, Gregory  |e author  |9 341398 
700 0 |a Ferreira, Antonio J  |e author  |9 341399 
700 |a Jackson, Donald D  |e author  |9 543183 
700 |a Lidz, Theodore  |e author  |9 341401 
700 0 |a Weakland, John H  |e author  |9 341402 
700 0 |a Wynne, Lyman C  |e author  |9 341403 
700 0 |a Zuk, Gerald H  |e author  |9 341404 
700 0 |a Sluzki, Carlos E  |e author  |9 341405 
245 1 0 |a Interacción familiar: aportes fundamentales sobre teoría y técnica 
300 |a 327 p 
942 |c BK 
945 |d 19950717 00:00:00  |a mfernand 
260 |a Buenos Aires  |b Tiempo Contemporáneo  |c 1971 
650 7 |a PSICOTERAPIA  |2 CL-VaPUC  |9 341406 
650 0 |a Esquizofrenia  |9 312163 
650 0 |a Familias   |9 255641 
650 0 |a Vida familiar  |9 308049 
650 7 |a MATRIMONIO  |2 CL-VaPUC  |9 341407 
650 0 |a Psicopatología   |9 307473 
650 0 |a Relaciones interpersonales  |9 307056 
583 |a last modification  |c 20181024 16:38:00  |k Rodrigo Vera 
490 0 |a Biblioteca Ciencias de la Conducta 
999 |c 236440  |d 236438 
952 |0 0  |1 0  |4 0  |6 616_891500000000000_BAT_1971  |7 0  |8 A  |9 244529  |a BIBEDU  |b BIBEDU  |d 2019-11-18  |i 1530992  |o 616.8915 BAT 1971  |p 1530992  |r 2019-11-18  |w 2019-11-18  |y BK  |k EDU 
952 |0 0  |1 0  |4 0  |6 616_891500000000000_BAT_1971  |7 0  |8 A  |9 244530  |a BIBEDU  |b BIBEDU  |d 2019-11-18  |i 1533924  |o 616.8915 BAT 1971  |p 1533924  |r 2019-11-18  |w 2019-11-18  |y BK  |k EDU